00410nam a2200157Ia 45000010006000000050017000060080041000230410008000640820013000721000045000852450069001302600009001993000028002086500008002366540008002442110120260306172854.0260306t2019||||xx |||||||||||||| ||spa|| aESP a344bP84 aPrado Saldarriaga, Víctor RobertoeAUT 0aDerecho penal y política criminal:bproblemas contemporáneos c2019 a526 páginas :c25 cm. aGEN aCDE